000 00363nam a2200157Ia 4500
003 Ost
005 20260225132546.0
008 260225s9999||||xx |||||||||||||| ||und||
040 _cfsic
041 _afre
082 _a440
100 _aS.M.Eisenstein
_eAuteur
245 0 _aCinématisme :
245 0 _bpeinture et cinéma /
_cS.M.Eisenstein
942 _cكتاب
999 _c33856
_d33856